[Event "Rheinland op"]
[Site "Koblenz"]
[Date "2003.04.19"]
[Round "7"]
[White "Welsch, Dieter"]
[Black "Grenader, Miron"]
[Result "1-0"]
[WhiteElo "1841"]
[BlackElo "1661"]
[PlyCount "61"]
[EventDate "2003.04.11"]
[EventType "swiss"]
[EventRounds "7"]
[EventCountry "GER"]
[SourceTitle "EXT 2004"]
[Source "ChessBase"]
[SourceDate "2003.11.25"]
[SourceVersion "1"]
[SourceVersionDate "2003.11.25"]
[SourceQuality "1"]

1. e4 e5 2. f4 d5 3. exd5 e4 4. d3 exd3 5. Qxd3 Bc5 6. Nf3 Ne7 7. c4 Bf5 8. Qc3 c6 9. b4 Bb6 10. c5 Nxd5 11. Qe5+ Qe7 12. cxb6 axb6 13. Bd2 0-0 14. Qxe7 Nxe7 15. Bc4 b5 16. Bb3 Bd3 17. Kf2 Nd7 18. a3 Nf6 19. Nc3 Ned5 20. Ne5 Nxc3 21. Bxc3 Ne4+ 22. Ke3 Nxc3 23. Kxd3 Ne4 24. Rhd1 Nf2+ 25. Kc2 Nxd1 26. Rxd1 Rad8 27. Bxf7+ Kh8 28. Rxd8 Rxd8 29. g3 g6 30. Bxg6 hxg6 31. Nf7+ 1-0

[Event "Rheinland op"]
[Site "Koblenz"]
[Date "2003.04.17"]
[Round "4"]
[White "Grenader, Miron"]
[Black "Auras, Florian"]
[Result "1/2-1/2"]
[WhiteElo "1661"]
[BlackElo "1753"]
[PlyCount "69"]
[EventDate "2003.04.11"]
[EventType "swiss"]
[EventRounds "7"]
[EventCountry "GER"]
[SourceTitle "EXT 2004"]
[Source "ChessBase"]
[SourceDate "2003.11.25"]
[SourceVersion "1"]
[SourceVersionDate "2003.11.25"]
[SourceQuality "1"]

1. e4 e5 2. Nf3 Nc6 3. Bb5 d6 4. h3 Bd7 5. 0-0 Nf6 6. Re1 Be7 7. c3 a6 8. Ba4 b5 9. Bc2 0-0 10. d4 exd4 11. cxd4 Na5 12. b3 d5 13. e5 Ne8 14. Qd3 g6 15. Nbd2 Bf5 16. Qc3 Bxc2 17. Qxc2 Ng7 18. Nf1 Rc8 19. Bd2 c5 20. dxc5 Bxc5 21. Qd3 Nb7 22. Bg5 Qb6 23. Ne3 Ne6 24. Qxd5 Nxg5 25. Nxg5 Rcd8 26. Qf3 Rd3 27. Ne4 Rfd8 28. Nf6+ Kg7 29. Re2 Na5 30. Qg3 Bxe3 31. fxe3 Nc6 32. Qg5 Nxe5 33. Qxe5 Qxf6 34. Qxf6+ Kxf6 35. Kf2 1/2-1/2

[Event "Rheinland op"]
[Site "Koblenz"]
[Date "2003.04.17"]
[Round "5"]
[White "Thievessen, Joerg"]
[Black "Grenader, Miron"]
[Result "1-0"]
[WhiteElo "1917"]
[BlackElo "1661"]
[PlyCount "103"]
[EventDate "2003.04.11"]
[EventType "swiss"]
[EventRounds "7"]
[EventCountry "GER"]
[SourceTitle "EXT 2004"]
[Source "ChessBase"]
[SourceDate "2003.11.25"]
[SourceVersion "1"]
[SourceVersionDate "2003.11.25"]
[SourceQuality "1"]

1. e4 e5 2. Nf3 Nc6 3. Bc4 h6 4. d4 d6 5. dxe5 dxe5 6. Qxd8+ Nxd8 7. Nxe5 Nf6 8. Nd2 Ne6 9. 0-0 Bc5 10. c3 0-0 11. Re1 Ng5 12. h4 Ne6 13. Nb3 Bb6 14. Be3 Nd7 15. Nxd7 Bxd7 16. Rad1 Ba4 17. Bxb6 axb6 18. Rd2 Rfe8 19. Nd4 Rad8 20. b3 Bc6 21. Bxe6 Rxe6 22. f3 Ree8 23. Red1 Rd6 24. Nxc6 Rxd2 25. Rxd2 bxc6 26. Rd7 Rc8 27. a4 Kf8 28. c4 Ke8 29. Rd3 Ke7 30. Kf2 Ke6 31. Ke3 f5 32. g4 fxg4 33. fxg4 g6 34. Rd2 Rf8 35. b4 Ra8 36. Ra2 Ke5 37. a5 c5 38. a6 cxb4 39. Kd3 c5 40. a7 Rd8+ 41. Ke3 Ra8 42. Ra6 b3 43. Rxb6 Rxa7 44. Rxb3 g5 45. hxg5 hxg5 46. Rd3 Ra5 47. Rd5+ Kf6 48. e5+ Ke7 49. Ke4 Ke6 50. Rd6+ Kf7 51. Kd5 Ra1 52. Rc6 1-0

[Event "Rheinland op"]
[Site "Koblenz"]
[Date "2003.04.12"]
[Round "2"]
[White "Grenader, Miron"]
[Black "Sorgen, Harald"]
[Result "1-0"]
[WhiteElo "1661"]
[BlackElo "1872"]
[PlyCount "55"]
[EventDate "2003.04.11"]
[EventType "swiss"]
[EventRounds "7"]
[EventCountry "GER"]
[SourceTitle "EXT 2004"]
[Source "ChessBase"]
[SourceDate "2003.11.25"]
[SourceVersion "1"]
[SourceVersionDate "2003.11.25"]
[SourceQuality "1"]

1. e4 c5 2. Nf3 e6 3. d4 cxd4 4. Nxd4 Nf6 5. Bd3 Nc6 6. Nb3 d5 7. f3 dxe4 8. fxe4 Qb6 9. Qe2 Bd6 10. Be3 Qc7 11. h3 e5 12. N1d2 Be6 13. 0-0 Rd8 14. Nf3 b6 15. Ng5 Bxb3 16. axb3 h6 17. Nf3 0-0 18. Nh4 Nd4 19. Qe1 Be7 20. Bxd4 exd4 21. Nf5 Ne8 22. e5 Rd5 23. Qe4 g6 24. Nxe7+ Qxe7 25. Qxd5 Nc7 26. Qe4 Ne6 27. Bc4 Ng5 28. Qxg6+ 1-0